Categorical California Quiz Stats

 Plays Quiz Updated Oct 21, 2018

Score 0/15 Timer 05:00
6 Plays Today
Hint Answer % Correct
This California metropolis is the only city to have three NFL teams relocate to other citiesLos Angeles
95.7%
Language spoken is in approximately 25% of California householdsSpanish
90.9%
The high concentration of tech companies in the Bay Area has come to be known by this nicknameSilicon Valley
86.3%
State Nickname: The ____ StateGolden
79%
San Francisco was visited in 1987 by this PopePope John Paul II
67.6%
This stretch of Hollywood and Vine features stars with famous names on themHollywood Walk of Fame
67.5%
'Wake Up, San Francisco' was the fictional show hosted by Danny Tanner on this sitcomFull House
66.7%
California is part of this geological ring, where large numbers of earthquakes and volcanic eruptions occurPacific Ring of Fire
63.8%
Hint Answer % Correct
Among other distinctions, he is the only President actually born in CaliforniaRichard Nixon
60%
These natural asphalt pits have preserved the bones of trapped animals for thousands of yearsLa Brea Tar Pits
57.3%
This Connery-Cage film about Alcatraz chronicles a break into a prisonThe Rock
57.1%
This author of East of Eden and The Pearl hails from Salinas, CAJohn Steinbeck
55.5%
This music festival held in Indio, CA, began in 1999 with headliners Beck and Rage Against the MachineCoachella
50.9%
This holiday is observed on March 31st, celebrating the life of the founder of the United Farm Workers UnionCesar Chavez Day
29.7%
California lies primarily within this Risk territoryWestern United States
27.4%

You're not logged in!

Compare scores with friends on all Sporcle quizzes.
OR
Log In

You Might Also Like...

Show Comments

Extras

Top Quizzes Today


Score Distribution

Your Account Isn't Verified!

In order to create a playlist on Sporcle, you need to verify the email address you used during registration. Go to your Sporcle Settings to finish the process.

Report this User

Report this user for behavior that violates our Community Guidelines.

Details: